1169 ejercicios y juegos de atletismo

Salvato in:
Dettagli Bibliografici
Autore principale: Olivera Betrán, Javier (autor)
Natura: Libro
Lingua:spagnolo
Pubblicazione: Barcelona Paidotribo 2007
Edizione:6a. ed
Serie:Colección Deporte
Soggetti:
Tags: Aggiungi Tag
Nessun Tag, puoi essere il primo ad aggiungerne!!

MARC

LEADER 00000nam a2200000 a 4500
001 UCG3107
003 CL-VaPUC
008 100812e20070000SP |||||||||||||||||spa|d
020 |a 9788486475567 oc 
020 |a 9788480190893v.1 
020 |a 9788480190909v.2 
082 0 4 |a 796.41  |b OLI  |2 21 
100 |a Olivera Betrán, Javier  |e autor  |9 334245 
245 1 0 |a 1169 ejercicios y juegos de atletismo 
250 |a 6a. ed 
300 |a v 
942 |c BK 
945 |d 20100812 00:00:00  |a dcastane 
260 |a Barcelona  |b Paidotribo  |c 2007 
500 |a v.1: las bases metodológicas. Las grandes familias del atletismo. Las pruebas combinadas 
500 |a v.2: las disciplinas atléticas 
650 0 |a Atletismo  |9 307422 
650 0 |a Ejercicios físicos  |9 307296 
650 7 |a ENTRENAMIENTO ATLETICO  |2 CL-VaPUC  |9 551985 
650 0 |a Juegos deportivos   |9 334250 
583 |a last modification  |c 20100812 00:00:00  |k Rodrigo Vera 
490 0 |a Colección Deporte 
999 |c 342204  |d 342202 
952 |0 0  |1 0  |4 0  |6 796_410000000000000_OLI_2007  |7 0  |8 C  |9 438260  |a BIBCUR  |b BIBCUR  |d 2019-11-22  |h v.1  |i 4702190  |l 2  |o 796.41 OLI 2007  |p 4702190  |r 2025-04-22  |s 2025-01-06  |w 2019-11-22  |y BK  |k DEN 
952 |0 0  |1 0  |4 0  |6 796_410000000000000_OLI_2007  |7 0  |8 C  |9 438261  |a BIBCUR  |b BIBCUR  |d 2019-11-22  |h v.2  |i 4702204  |o 796.41 OLI 2007  |p 4702204  |r 2025-04-22  |w 2019-11-22  |y BK  |k DEN